000 00526nam a2200169Ia 4500
008 090201s9999 xx 000 0 und d
010 _aKPL-23115
040 _bमराठी
041 _aमराठी
082 _a4120
_b23115
100 _aना. रा. शेंडे
245 _aकाळजी रात्र
_cना. रा. शेंडे
260 _c2004
_bश्रीशेष प्रकाशन
300 _a180
_bमोठा
600 _aकाळजी रात्र
942 _cBOOK
999 _c205196
_d205196